Lecciones de historia del derecho hispano-indiano
Sparad:
| Huvudupphovsman: | |
|---|---|
| Materialtyp: | Bok |
| Språk: | spanska |
| Publicerad: |
Ciudad de México
Miguel Angel Porrúa
1989
|
| Ämnen: | |
| Taggar: |
Lägg till en tagg
Inga taggar, Lägg till första taggen!
|
MARC
| LEADER | 00000nam a2200000 a 4500 | ||
|---|---|---|---|
| 001 | UCX7358 | ||
| 003 | CL-VaPUC | ||
| 008 | 931206e19890000MX |||||||||||||||||spa|d | ||
| 082 | 0 | 4 | |a 340.09 |b MUR |2 21 |
| 100 | |a Muro Orejón, Antonio |e autor |9 324182 | ||
| 245 | 1 | 0 | |a Lecciones de historia del derecho hispano-indiano |
| 300 | |a 312 p | ||
| 942 | |c BK | ||
| 945 | |d 19931206 00:00:00 |a mfernand | ||
| 260 | |a Ciudad de México |b Miguel Angel Porrúa |c 1989 | ||
| 650 | 7 | |a DERECHO HISTORIA Y CRITICA |2 CL-VaPUC |9 316646 | |
| 650 | 0 | |a Derecho comparado |9 255664 | |
| 583 | |a last modification |c 19931206 00:00:00 |k Rodrigo Vera | ||
| 999 | |c 227193 |d 227191 | ||
| 952 | |0 0 |1 0 |4 0 |6 340_090000000000000_MUR_1989 |7 0 |8 DER_HDC |9 226050 |a BIBDER |b BIBDER |d 2019-11-15 |i 2945126 |o 340.09 MUR 1989 |p 2945126 |r 2023-01-25 |w 2019-11-15 |x Ubicación 4to Piso |y BK |z Estos recursos deben solicitarse con anticipación |k DER | ||